| 000 | 02148cam a2200385 a 4500 | ||
|---|---|---|---|
| 001 | 16184311 | ||
| 005 | 20170105102912.0 | ||
| 008 | 100413s2010 ilu b 001 0 eng | ||
| 010 | _a 2010015891 | ||
| 020 | _a9781931859967 (alk. paper) | ||
| 020 | _a1931859965 (alk. paper) | ||
| 035 | _a(OCoLC)ocn500908416 | ||
| 040 |
_aDLC _cDLC _dBTCTA _dYDXCP _dUPZ _dMOF _dC#P _dBWX _dCDX _dVP@ _dLML _dDLC |
||
| 043 |
_aa-is--- _acl----- _an-us--- |
||
| 050 | 0 | 0 |
_aJZ1480 _b.C47 2010 |
| 082 | 0 | 0 |
_a327.73 _222 |
| 100 | 1 | _aChomsky, Noam. | |
| 245 | 1 | 0 |
_aHopes and prospects / _cNoam Chomsky. |
| 260 |
_aChicago : _bHaymarket Books : _b[Distributed by] Consortium Book Sales and Distribution, _c2010. |
||
| 300 |
_avii, 327 p. ; _c22 cm. |
||
| 504 | _aIncludes bibliographical references (p. 281-313) and index. | ||
| 505 | 0 | _aLatin America. Year 514 : globalization for whom? -- Latin America and U.S. foreign policy -- Democracy and development : their enemies, their hopes -- Latin American and Caribbean unity -- North America. "Good news," Iraq and beyond -- Free elections, good news and bad -- Century's challenges -- Turning point? -- Elections 2008 : hope confronts the real world -- Obama on Israel-Palestine -- The torture memos -- 1989 and beyond. | |
| 520 | _aChomsky shows how direct participation in action in the United States, Latin America, Bolivia, and Haiti in particular has put into practice a different model of democracy that could portend more far-reaching, badly needed changes. | ||
| 650 | 0 |
_aWorld politics _y21st century. |
|
| 650 | 0 | _aLatin American federation. | |
| 650 | 0 |
_aArab-Israeli conflict _y1993- |
|
| 651 | 0 |
_aUnited States _xForeign relations _y21st century. |
|
| 651 | 0 |
_aUnited States _xPolitics and government _y2009- |
|
| 651 | 0 |
_aUnited States _xForeign relations _zLatin America. |
|
| 651 | 0 |
_aLatin America _xForeign relations _zUnited States. |
|
| 906 |
_a7 _bcbc _corignew _d1 _eecip _f20 _gy-gencatlg |
||
| 942 |
_2ddc _cBK |
||
| 999 |
_c15196 _d15196 |
||